000 01786pam a2200541 cc4500
001 1325012238
003 DE-101
005 20260414145517.0
007 tu
008 240402s2025 gw ||||| |||| 00||||ger
015 _a25,A48
_z24,N15
_2dnb
016 7 _2DE-101
_a1325012238
020 _a9783757304980
_cBroschur : EUR 10.00 (DE), EUR 10.30 (AT)
020 _a3757304985
024 3 _a9783757304980
035 _a(DE-599)DNB1325012238
035 _a(OCoLC)1429293577
040 _a1245
_bger
_cDE-101
_d9999
_erda
041 _ager
_hjpn
044 _cXA-DE-BW
082 7 4 _a741.5
_qDE-101
_223sdnb
100 1 _0(DE-588)1373126701
_0https://d-nb.info/gnd/1373126701
_0(DE-101)1373126701
_aSorai, Mone
_eVerfasser
_4aut
_2gnd
245 1 0 _aOur not-so-lonely planet travel guide
_n01
_cMone Sorai ; aus dem Japanischen von Jan-Lukas Kuhn
250 _a1. Auflage
264 3 1 _aLudwigsburg
_bManga Cult
_cJuni 2025
300 _acirca 208 Seiten
336 _aText
_btxt
_2rdacontent
336 _aunbewegtes Bild
_bsti
_2rdacontent
337 _aohne Hilfsmittel zu benutzen
_bn
_2rdamedia
338 _aBand
_bnc
_2rdacarrier
653 _a(Produktform)Paperback / softback
653 _aBoys Love
653 _aLGBT
653 _aHochzeit
653 _aReisen
653 _aWeltreise
653 _aDrama
653 _aSlice of Life
653 _aSelbstfindung
653 _aRomance
653 _aFremde Kulturen
653 _aSehenswürdigkeiten
653 _a(VLB-WN)1182: Hardcover, Softcover / Belletristik/Comic, Cartoon, Humor, Satire/Manga, Manhwa
655 7 _0(DE-588)4010427-8
_0https://d-nb.info/gnd/4010427-8
_0(DE-101)040104273
_aComic
_2gnd-content
773 0 8 _q11
_w(DE-101)1373126892
942 _2ddc
_cMGA
_n0
999 _c1551
_d1551